| 000 | 02419nam0a2200349 4500 | ||
|---|---|---|---|
| 001 | RU\NLR\BIBL_A\011862284 | ||
| 005 | 20190116113208.0 | ||
| 010 |
_a978-5-7765-1329-9 _978 |
||
| 021 |
_aRU _bКН-П-18-078613 _9КН-П-18-5688 |
||
| 035 | _a(NLR Aleph) 011862284 | ||
| 035 | _a(RuMoRGB)009778745 | ||
| 090 |
_a12160351 _c12160351 |
||
| 100 | _a20181114d2018 u y0rusy50 ca | ||
| 101 | 0 | _arus | |
| 102 | _aRU | ||
| 105 | _aa|||z|||000zy | ||
| 200 | 1 |
_aИсследование процессов в электрических цепях _eучебно-практическое пособие _fМинистерство образования и науки Российской Федерации, Федеральное государственное бюджетное образовательное учреждение высшего образования "Комсомольский-на-Амуре государственный университет" _g[А. Р. Куделько и др.] |
|
| 210 |
_aКомсомольск-на-Амуре _cРедакционно-издательский отдел Федерального государственного бюджетного образовательного учреждения высшего образования "Комсомольский-на-Амуре государственный университет" _d2018 |
||
| 215 |
_a88 с. _cил., табл. _d20 |
||
| 313 | _aАнализ однофазных и трехфазных цепей | ||
| 320 | _aБиблиогр.: с. 86-88 (28 назв.) | ||
| 606 | 1 |
_aЭлектрические цепи _jУчебные издания для высших учебных заведений _xИсследование _xМатематические методы _92378505 _3RU\NLR\AUTH\661419233 |
|
| 606 | 1 |
_aЭлектрические цепи _jУчебные издания для высших учебных заведений _xРасчет _92145929 _3RU\NLR\AUTH\661292864 |
|
| 686 | 1 | _aЗ211с11я73-1 | |
| 702 | 1 |
_aКуделько _bА. Р. _gАнатолий Романович _4220 |
|
| 712 | 0 | 2 |
_4475 _aКомсомольский-на-Амуре государственный университет _9587228 _3RU\NLR\AUTH\880462302 |
| 942 | _cBOOK | ||
| 980 | _aNBR | ||
| 980 | _aNB | ||